Flood misery due to misuse of land (Record no. 65133)

MARC details
000 -LEADER
fixed length control field 00830cam a2200229 4500
001 - CONTROL NUMBER
control field WB3643-19
008 - FIXED-LENGTH DATA ELEMENTS--GENERAL INFORMATION
fixed length control field 000000n2000 000 0 eng u
035 ## - SYSTEM CONTROL NUMBER
System control number (Sirsi) u109057
245 ## - TITLE STATEMENT
Title Flood misery due to misuse of land
260 ## - PUBLICATION, DISTRIBUTION, ETC.
Date of publication, distribution, etc. 2000
490 ## - SERIES STATEMENT
Series statement Scotsman
Volume/sequential designation 31 October 2000, 4(1)
520 ## - SUMMARY, ETC.
Summary, etc. Academics warn that Britain's recent flood disasters are not due to climate change, but to society's misuse of land. The building of houses on flood plains has covered what should be drainage land and the total number of homes at risk from flooding in Britain now stands at two million.
590 ## - LOCAL NOTE (RLIN)
Local note WB
650 ## - SUBJECT ADDED ENTRY--TOPICAL TERM
Topical term or geographic name entry element NEW HOUSING
650 ## - SUBJECT ADDED ENTRY--TOPICAL TERM
Topical term or geographic name entry element FLOOD RISK
650 ## - SUBJECT ADDED ENTRY--TOPICAL TERM
Topical term or geographic name entry element FLOODING
650 ## - SUBJECT ADDED ENTRY--TOPICAL TERM
Topical term or geographic name entry element FLOOD PLAINS
650 ## - SUBJECT ADDED ENTRY--TOPICAL TERM
Topical term or geographic name entry element GLOBAL WARMING
650 ## - SUBJECT ADDED ENTRY--TOPICAL TERM
Topical term or geographic name entry element Land use
9 (RLIN) 6251
690 ## - LOCAL SUBJECT ADDED ENTRY--TOPICAL TERM (OCLC, RLIN)
Topical term or geographic name as entry element HOUSING-DEVELOPMENT
942 ## - ADDED ENTRY ELEMENTS (KOHA)
Suppress in OPAC 0
Holdings
Withdrawn status Lost status Source of classification or shelving scheme Damaged status Not for loan Home library Current library Shelving location Date acquired Total Checkouts Full call number Barcode Date last seen Copy number Price effective from Koha item type
    Dewey Decimal Classification     London London News article 01/11/2000   WB3643-19 109057-1001 06/08/2019 1 06/08/2019 News article